Chapters on machinery and labor /

Bibliographic Details
Main Author: Barnett, George Ernest, 1873-1938
Format: Book
Language:English
Published: Cambridge : Harvard university press, 1926.
Subjects:

MARC

Tag First Indicator Second Indicator Subfields
LEADER 00000cam a2200000 4500
001 in00000053772
005 20151008050859.0
008 751107s1926 mau 00000 eng
010 |a  26016130  
035 |a (OCoLC)01814408 
035 |9 AAG4009AM 
040 |a DLC  |c TOL  |d TOL  |d OCL  |d TXA  |d UtOrBLW 
049 |a TXAM  |c [170606] 
050 0 0 |a HD6331  |b .B3 
092 |a 338.4  |b B261c 
100 1 |a Barnett, George Ernest,  |d 1873-1938. 
245 1 0 |a Chapters on machinery and labor /  |c by George E. Barnett ... 
264 1 |a Cambridge :  |b Harvard university press,  |c 1926. 
300 |a vi pages, 2 leaves, 3-161 pages ;  |c 23 cm. 
336 |a text  |b txt  |2 rdacontent 
337 |a unmediated  |b n  |2 rdamedia 
338 |a volume  |b nc  |2 rdacarrier 
505 0 |a The introduction of the linotype. The stonecutters and the stone-planer. The introduction of semi-automatic bottle machinery. The introduction of automatic bottle machines. Machinery and the displacement of skill. The introduction of machinery and trade-union policy. 
650 0 |a Machinery in the workplace. 
650 0 |a Linotype. 
650 0 |a Stone-cutting. 
650 0 |a Glass manufacture. 
740 0 |a Machinery and labor. 
999 |a MARS 
999 f f |s ae4de3bc-b4de-3e01-8c88-7eaba2baae1d  |i 571560e4-5afb-369e-b724-fbaf89f0e98b  |t 0 
952 f f |p ric  |a Texas A&M University  |b Rellis Campus  |c Joint Library Facility  |d Remote Storage  |t 0  |e HD6331 .B3  |h Library of Congress classification  |i unmediated -- volume  |m A14800764326 
998 f f |a HD6331 .B3  |t 0  |l Remote Storage